000 00623nam a2200205 u 4500
005 20240522063713.0
008 131202s2008 mx r 000 0 spa d
020 _a6077514091
035 _aUPN01000194429
049 _aCG
050 4 _aHV1568
_bL3.2
100 1 _aLanderos Aguirre, Leticia G.
_935183
245 1 0 _aCurso taller :
_bdiscapacidad y discriminación /
_cLeticia G. Landeros Aguirre.
260 _aMéxico :
_bCONAPRED,
_c2008.
300 _a94 p.
650 4 _aPERSONAS CON DISCAPACIDAD
650 4 _aDiscriminación hacia las personas con discapacidad
_911285
905 _aLibro
999 _c166530
_d166530